000
00286nam a22001337a 4500
008
181003b xxu||||| |||| 00| 0 eng d
020
_a
075478624683
041
_a
eng
080
_a
612.39
100
_a
10
101
_a
NUT
245
_a
Low-Salt Cookery
_c
Bailey,R
942
_2
udc
_c
BK
999
_c
48834
_d
48834